Elements of Information Theory (Record no. 478401)

000 -LEADER
fixed length control field 00440nam a22001697a 4500
003 - CONTROL NUMBER IDENTIFIER
control field NUST
005 - DATE AND TIME OF LATEST TRANSACTION
control field 20180528074248.0
008 - FIXED-LENGTH DATA ELEMENTS--GENERAL INFORMATION
fixed length control field 180528b ||||| |||| 00| 0 eng d
020 ## - INTERNATIONAL STANDARD BOOK NUMBER
International Standard Book Number 9788126508143
038 ## - RECORD CONTENT LICENSOR
Staff Name SNS Libraray
082 ## - DEWEY DECIMAL CLASSIFICATION NUMBER
Classification number 003.54
100 ## - MAIN ENTRY--PERSONAL NAME
Personal name Thomas M. Cover
9 (RLIN) 10549
245 ## - TITLE STATEMENT
Title Elements of Information Theory
Statement of responsibility, etc. Thomas M. Cover
260 ## - PUBLICATION, DISTRIBUTION, ETC.
Place of publication, distribution, etc. India
Name of publisher, distributor, etc. Wiley India
Date of publication, distribution, etc. 1999
300 ## - PHYSICAL DESCRIPTION
Extent 542 p.
Other physical details Pb.
942 ## - ADDED ENTRY ELEMENTS (KOHA)
Source of classification or shelving scheme
Koha item type Book
Holdings
Withdrawn status Lost status Source of classification or shelving scheme Damaged status Not for loan Permanent Location Current Location Date acquired Total Checkouts Full call number Barcode Date last seen Price effective from Koha item type
          School of Natural Sciences (SNS) School of Natural Sciences (SNS) 05/28/2018   003.54 SNS0002495 05/28/2018 05/28/2018 Book
© 2023 Central Library, National University of Sciences and Technology. All Rights Reserved.